01185nam a2200349 a 450000100060000000300080000600500170001400600190003100700150005000800410006502000180010603500230012403500240014703500250017103500220019604000260021805000260024408000110027008200150028124501010029626000390039730000110043653301640044765000330061165000190064465000190066365500270068270000280070971000190073785600620075699900170081897344FlNmELB20241217172650.0m o d | cr cn|||||||||130906s2002 sp s 000 0 cat d z9788490297155 a(MiAaPQ)EBC3209333 a(Au-PeEL)EBL3209333 a(CaPaEBR)ebr10665081 a(OCoLC)1010530630 aFlNmELBbspacFlNmELB 4aQA76.9.D3bS6233 2002 a004.7504a005.7422300aSistemes de gestió de bases de dadesh[recurso electronico]cJaume Sistac i Planas . [et al.]. aBarcelona :bEditorial UOC,c2002. a131 p. aRecurso electrónico. Santa Fe, Arg.: e-libro, 2015. Disponible vía World Wide Web. El acceso puede estar limitado para las bibliotecas afiliadas a e-libro. 0aDatabase management systems. 4aInformática. 4aBase de datos. 4aLibros electrónicos.1 aSistac i Planas, Jaume.2 ae-libro, Corp.40uhttps://elibro.net/ereader/politecnicointernacional/56662 c97344d97344